000 007810000a22002290004500
090 _aAR
_b00576
245 1 0 _aAssessment and management of manatees (<Trichechus manatus>) in Tampa Bay
650 1 4 _aMamíferos acuáticos
_993274
650 1 4 _aManejo de fauna
_93823
650 1 4 _aDensidad poblacional
_97576
650 1 4 _aMortalidad
_99773
651 4 _lTampa Bay
_dFlorida
_pEstados Unidos
_992749
653 _gTrichechus
_eTrichechus manatus
_vmanatí
041 0 _aInglés
700 1 _aAckerman, B. B.
_993645
700 1 _aBeeler, I. E.
_993646
700 1 _aWeigle, B. L.
_993647
700 1 _aHouhoulis, P. F.
_993648
100 1 _aReynolds, John E.
_993280
942 _cARTICULO
773 1 _tProceedings Tampa Bay Area Scientific Information Symposium
_3221
_q289-306
_d1991
999 _c9668
_d9668